Statistiques concernant Brave Margot - paroles

Cliquez ici pour prendre le quiz!

Statistiques générales

  • Ce quiz a été pris 24 fois
  • Le résultat moyen est 317 sur 413

Statistiques - réponses

Paroles% Correct
à
100%
chat
100%
l'
100%
100%
la
100%
La
100%
la la la
100%
lalala
100%
Margot
100%
Margoton
100%
qu'
100%
s'
100%
c'qu'
95%
d'
95%
de
95%
donner
95%
Et
95%
et
95%
go
95%
le
95%
Le
95%
Pour
95%
pour
95%
qui
95%
Qui
95%
sa
95%
son
95%
tous
95%
Tous
95%
corsage
90%
du
90%
Du
90%
Etaient
90%
était
90%
gars
90%
gougoutte
90%
les
90%
Les
90%
n'
90%
Quand
90%
sage
90%
très
90%
village
90%
voir
90%
dégrafait
86%
gougoutte
86%
petit
86%
c'était
81%
C'était
81%
on
81%
tout
81%
un
81%
Un
81%
se
76%
Se
76%
dans
71%
Elle
71%
elle
71%
faire
71%
jeune
71%
leur
71%
mit
71%
ne
71%
plus
71%
si
71%
simple
71%
têter
71%
comme
67%
laissa
67%
lui
67%
monde
67%
que
67%
sein
67%
au
62%
bergère
62%
brave
62%
mère
62%
par
62%
prenant
62%
avait
57%
bougnat
57%
ça
57%
enfants
57%
femmes
57%
présumait
57%
Présumait
57%
S'en
57%
ses
57%
adopta
52%
alla
52%
bien
52%
dire
52%
jour
52%
Mais
52%
mari
52%
même
52%
petits
52%
commun
48%
contre
48%
des
48%
elles
48%
herbe
48%
lendemain
48%
leurs
48%
pauvrette
48%
peu
48%
tableau
48%
après
43%
bedeau
43%
charmes
43%
coussin
43%
dévoila
43%
Dieu
43%
facteur
43%
gendarmes
43%
joli
43%
lettres
43%
lieu
43%
maire
43%
nature
43%
pardonne
43%
passa
43%
ronde
43%
saint
43%
sont
43%
trouvant
43%
abandonnent
38%
aurait
38%
chaton
38%
distribuait
38%
Emue
38%
encore
38%
galants
38%
immolèrent
38%
lues
38%
ordinaire
38%
passant
38%
personne
38%
preste
38%
prit
38%
reste
38%
ballots
33%
bâtons
33%
chœur
33%
colère
33%
commune
33%
consoler
33%
croquant
33%
époux
33%
larmes
33%
milieu
33%
oublia
33%
perdre
33%
privées
33%
Puis
33%
sacrifice
33%
sur
33%
temps
33%
venait
33%
armèrent
29%
autres
29%
carrément
29%
collerette
29%
école
29%
entrouvre
29%
évènement
29%
ivres
29%
maître
29%
patiemment
29%
potaches
29%
racontent
29%
Seuls
29%
tâche
29%
vieux
29%
Accumulèrent
24%
couche
24%
farouches
24%
Négligeaient
24%
rancune
24%
toucher
19%
mémoires
14%
laissent
10%

Distribution des résultats

Percentile par nombre de réponses

% des personnes avec chaque résultat

Votre développement - résultats

Vous n’avez pas pris ce quiz